[Event "EU-ch 16th"]
[Site "Jerusalem"]
[Date "2015.03.01"]
[Round "5"]
[White "Marin, Mihail"]
[Black "Kobo, Ori"]
[Result "1-0"]
[WhiteElo "2603"]
[BlackElo "2410"]
[Annotator "Marin,M"]
[PlyCount "83"]
[EventDate "2015.02.24"]
[EventType "swiss"]
[EventRounds "11"]
[EventCountry "ISR"]
[SourceTitle "CBM 166"]
[Source "ChessBase"]
[SourceDate "2015.05.11"]
[SourceVersion "1"]
[SourceVersionDate "2015.05.11"]
[SourceQuality "1"]

{After my Pirc game with Hracek, published on this site a few months earlier,
yesterday I had another occasion to use a variation examined on one of my
video DVD's.} 1. d4 Nf6 2. c4 g6 3. Nc3 {I have been scoring rather well with
1.Nf3 and 2.g3 lately and this is what I had played in my first two whites in
Jerusalem. But after the loss in the previous round and the visit to he Masada
and the bath in the Dead Sea I felt inspired to get some space in the opening.}
d5 4. cxd5 Nxd5 5. e4 Nxc3 6. bxc3 Bg7 7. Nf3 c5 8. Be3 Qa5 9. Qd2 Nc6 10. Rb1
{[#]This is one of the crucial lines on my Gruenfeld DVD. The threat Rb5
forces Black making a small concession.} a6 {By far not the only move tried in
practice but maybe the most natural of them.} 11. Rc1 cxd4 12. cxd4 Qxd2+ 13.
Kxd2 f5 14. e5 Be6 15. Bc4 Bxc4 16. Rxc4 {So far, we had both played quickly.
My young opponent, who had been doing well in the tournament so far, soon
unleashed a novelty.} h6 ({The video corresponding to this variation focused on
} 16... O-O {as played in 1-0 (38) Giri,A (2588)-Sutovsky,E (2657) Wijk aan
Zee 2010. But the last move did not come as a surprize, as ...h6 and h4 are
inserted at some point anyway (in either move succession).}) 17. h4 Rf8 $5 {
[#] Only this is the new idea. Black intends keeping his king in the centre to
defend the c6- and e6-squares.} 18. g3 {Since Black does not put pressure on
the d-file, I thought it would be better not to hurry with Kd2-e2. In some
cases, the king could become active on the queenside.} e6 19. Rhc1 ({My
opponent confessed after the game that this move came as a surprize for him.
He had analyzed only} 19. Rb1 {following the model of the game Giri-Sutovsky.
Since Black obviously plans to play ...Kd7 I thought it would be logical to
put pressure on the knight, preventing ...b7-b5 and pin the knight to defend
the c-file (in some cases Rc4-c7 would be a mate). At the same time, Black has
to count with the thematic exchange sacrifice on c6. Starting with this moment
my opponnt spent a lot of time and got into time trouble. I on the contrary
played relatively fast and confidently, but it later turned I had not
controlled everything.}) 19... Rd8 ({I planned to meet} 19... Rf7 {with} 20.
Rxc6 bxc6 21. Rxc6 {offering White ample compensation for the exchange.}) 20.
Ke2 (20. Rxc6 {does not work well now:} bxc6 21. Rxc6 Ke7 22. Rxa6 Ra8) 20...
Kd7 {[#]} 21. Ne1 {In my analysis to the aforementioned game, I suggested a
plan based on Kf1-g2 followed by Nf3-g1-e2-f4. But in this position, without
Black pressure on the d-pawn, there is no need to take the king into safety,
so the knight starts its march to f4 on the first given occasion.} Rfe8 ({
During the game I considered} 21... Rg8 22. Nd3 Bf8 {I did not have a clue
about how to make progress, but relied on the fact that Black's rooks are not
connected and his position is passive in general.} 23. Rb1 $5 Rb8 (23... b5 24.
Rc3 $18 {threatening Rbc1 and d5.}) 24. Nf4 $16) 22. Nd3 Bf8 23. Nf4 g5 24. Ng6
{On general ground, I thought it would be better to keep a black potential
eakness on h6.} (24. hxg5 hxg5 25. Ng6 Ba3 (25... g4 26. Rh1) 26. Rh1 (26. R1c3
Bb4 27. Rb3 Rg8) 26... Kc7 (26... Rg8 27. Bc1 $1 Bxc1 $2 28. Rh7+ $16 Ke8 $2
29. Rxc6 $1 $18 bxc6 $2 30. Re7#) 27. Rc3 {may be just a minute better for
White. After the last move, Black has problems keeping his kingside intact.})
24... gxh4 $6 ({The best chance was} 24... Ba3 25. R1c3 Rg8 $1 {We both missed
this move during the game.} 26. h5 {Now is when the presence of the h-pawns is
important for White.} Bf8 {Black is solid but quite passive. WHite should plan
a major regrouping such as} 27. Rc1 Rc8 28. R4c3 $14 {with the possible plan
of preparing d4-d5.}) 25. gxh4 $16 {[#]} Rc8 26. Nxf8+ Rxf8 27. Bxh6 Rg8 28.
Bg5 b5 29. R4c3 Nxd4+ 30. Ke3 Rxc3+ 31. Rxc3 Nc6 32. Rd3+ Kc7 33. Rd6 a5 (33...
Re8 34. Bf6 Nb4 35. h5 Nd5+ 36. Rxd5 exd5 37. h6) 34. Kf4 b4 35. h5 Nxe5 36.
Rxe6 Nc6 37. h6 Rh8 38. Rg6 a4 39. Bf6 Re8 40. h7 b3 41. axb3 axb3 42. Rg8 {
Winning with a line from the DVD certainly feels good, but I cannot hide that
I had not grasped all the subtleties of the position (see the comment to 24...
gxh4). This makes me think that no matter how much work it iinvolves, every
written text or recorded video should be considered just a step on the endless
way in the search for the truth.} 1-0

[Event "World Cup"]
[Site "Khanty-Mansiysk"]
[Date "2009.11.28"]
[Round "3.2"]
[White "Wang, Hao"]
[Black "Mamedyarov, Shakhriyar"]
[Result "1/2-1/2"]
[WhiteElo "2708"]
[BlackElo "2719"]
[Annotator "Marin,M"]
[PlyCount "103"]
[EventDate "2009.11.21"]
[EventType "k.o."]
[EventRounds "7"]
[EventCountry "RUS"]
[SourceTitle "CBM 134"]
[Source "ChessBase"]
[SourceDate "2010.01.18"]
[SourceVersion "1"]
[SourceVersionDate "2010.01.18"]
[SourceQuality "1"]

1. d4 Nf6 2. c4 g6 3. Nc3 d5 4. cxd5 Nxd5 5. e4 Nxc3 6. bxc3 Bg7 7. Be3 c5 8.
Qd2 Qa5 9. Nf3 O-O 10. Rc1 Rd8 $5 {Not the most popular move in this line.} 11.
d5 e6 12. Bg5 {This is supposed to cause Black some troubles, according to
recent developments.} Re8 13. d6 b5 $146 {This natural move, gaining queenside
space, is new.} (13... Bd7 {also prepares the activation of the bishop along
the long diagonal, followed by ...Nd7, but delays the queenside counter attack
based on ...b5. Black probably used to be afraid by the fact that ...b5 would
cut the queen off the kingside.} 14. Bh6 Bf6 (14... Qd8 15. h4 f6 16. e5 {
Anand,V (2783)-Leko,P (2751)/Miskolc 2009/CBM 130 Extra (1-0, 46)}) 15. h4 Bc6
16. h5 Nd7 17. Ng5 c4 18. hxg6 (18. Bxc4 Rad8 19. Rh3 Qe5 20. Be2 Bxe4 21. Nxe4
Qxe4 $13 {Palo,D (2510)-Ivanchuk,V (2710)/Skanderborg 2003/CBM 098 (0-1, 50)})
18... hxg6 19. Bxc4 Qe5 20. f3 Rad8 21. Be2 Nb6 22. Nh7 Bh8 23. Bf4 Qc5 24. Bg5
Qe5 25. f4 Qxd6 26. Qxd6 {1-0 Petrosian,T (2602)-Roganovic,M (2474)/Novi Sad
2009/CBM 133}) 14. Be2 (14. Bh6 Bh8 15. Bd3 Bb7 16. h4 Nd7 17. h5 b4 $132 {
In this line we see the usefullness of ...b5. The threat of ...Bc3 forces
White to take a decision regarding his king's position.}) 14... Nd7 15. e5 Bb7
16. O-O {Once there is no danger of h4-h5, Black seems to be entirely OK.} Rab8
17. Rfe1 Bxf3 18. Bxf3 Nxe5 19. d7 Red8 20. Qd6 Nxd7 21. Bxd8 Rxd8 22. Red1 Bf6
23. Qf4 Kg7 $44 {With two pawns for the exchange and a safe king's position,
Black has little to complain about. Maybe Mamedyarov was a bit dissapointed to
make his frist draw after a series of 5 consecutive wins, but this was good
enough to qualify further anyway.} 24. h4 Ne5 25. Rxd8 Qxd8 26. Rd1 Qa5 27. h5
gxh5 28. Qg3+ Ng6 29. Bxh5 Qxc3 30. Qxc3 Bxc3 31. Rd7 a5 32. Be2 b4 33. Ra7 Ne5
34. Kf1 Kf6 35. g3 h6 36. f4 Ng6 37. Rxa5 b3 38. Ra3 bxa2 39. Rxa2 Ne7 40. Kg2
e5 41. Ra6+ Kg7 42. Kf3 exf4 43. gxf4 h5 44. Bc4 Bd4 45. Ra7 Kf6 46. Ke4 h4 47.
Kf3 h3 48. Kg3 Be3 49. Ra1 h2 50. Ra6+ Kg7 51. Kxh2 Bxf4+ 52. Kg2 1/2-1/2

[Event "EU-ch 12th"]
[Site "Aix les Bains"]
[Date "2011.03.28"]
[Round "7"]
[White "Pashikian, Arman"]
[Black "Cornette, Matthieu"]
[Result "1/2-1/2"]
[WhiteElo "2642"]
[BlackElo "2548"]
[Annotator "Marin,M"]
[PlyCount "98"]
[EventDate "2011.03.22"]
[EventType "swiss"]
[EventRounds "11"]
[EventCountry "FRA"]
[SourceTitle "CBM 142 Extra"]
[Source "ChessBase"]
[SourceDate "2011.06.27"]
[SourceVersion "1"]
[SourceVersionDate "2011.06.27"]
[SourceQuality "1"]

1. d4 Nf6 2. c4 g6 3. Nc3 d5 4. cxd5 Nxd5 5. e4 Nxc3 6. bxc3 Bg7 7. Be3 c5 8.
Qd2 O-O 9. Nf3 Qa5 10. Rc1 Rd8 11. d5 e6 12. Bg5 f6 13. Be3 Nc6 {The knight
develops centrally, taking advantage of the pin along the d-file.} (13... exd5
14. exd5 Na6 {is more passive, Kramnik,V (2791)-Howell,D (2611)/London 2010/
CBM 140/[Krasenkow] (1-0, 42)}) 14. Bd3 exd5 15. exd5 c4 $1 {An important move,
preventing White from consolidating his centre with c3-c4.} 16. Bxc4 Be6 17.
Rd1 Ne7 {Apparently, White will lose his main trump, the passed pawn.} 18. dxe6
$1 {This pseudo sacrifice (White will get adequate material compensation for
the queen) is the only way to keep the pawn alive. On e6, it is likely to
become more dangerous than before.} Rxd2 19. Rxd2 Qxc3 20. Bb3 Qc1+ ({In an
earlier phase of the tournament, the new, but probably unsatisfactory move} 
20... Qa1+ $6 $146 {was tried.} 21. Bd1 $1 {As we will see, in the main line
this resource is less effective.} Nf5 $6 {Unblocking the main enemy for the
illusory hope of getting the enemy dark-squared bishop.} ({It would have been
better to return with the queen into play, although after} 21... Qc3 22. O-O
Qb4 {[%cal Gg7f8] White will have gained some time if compared to the main
game.}) 22. O-O Qc3 (22... Nxe3 $2 23. e7 $1 $18) 23. Bb3 Kh8 24. Rd7 Re8 (
24... Nxe3 $2 25. e7 $1 Qa5 26. fxe3 $18) 25. Bd2 {Finally asking what the
knight is doing on f5.} Qb2 (25... Qc5 26. Rc1 $18) 26. g4 (26. e7 $5 Nxe7 27.
Re1 $18) 26... Ne7 27. Rc1 Nc6 28. Kg2 {Underlying Black's absolute
helplessness.} ({The immediate} 28. g5 $5 {, with similar ideas as in the game,
also looks strong.}) 28... h5 $6 29. g5 fxg5 30. Rxg7 $1 $18 {Lupulescu,C 
(2626)-Bukavshin,I (2501)/Aix-les-Bains 2011 (1-0, 35)}) 21. Rd1 (21. Bd1 $6 {
is strongly answered with} Qc4 {, when White still needs to find solutions for
castling.}) 21... Qc3+ 22. Rd2 Qc1+ 23. Rd1 Qc3+ 24. Ke2 {The only reasonable
way of avoiding a repetition.} Qb4 $146 {A novelty with respect to the first
game in which the idea of the queen sacrifice has been used.} (24... a5 25. Rd7
a4 26. Rc1 Qb2+ $6 (26... Qb4 27. Bc4 $44) 27. Rc2 Qb1 {In the game Potkin,V 
(2646)-Svidler,P (2722)/Moscow 2010/CBM 140 (1/2, 44), White missed the
opportunity to trap the queen with} 28. Rd1 $1 $16) 25. Rd3 ({The point behind
the novelty is that after} 25. Rd7 {Black would not be forced to transpose
with 25...a5, but can put the enemy king in an uncomfortable situation with}
Qb5+ $1) 25... a5 {The queenside counterplay is just a bit faster than
Svidler's.} 26. Rc1 a4 27. Rc4 Qb5 ({Avoiding} 27... Qa3 $2 28. Bc1 $18) 28.
Rc5 Qb4 29. Rc4 Qb5 30. Rc5 Qb4 31. Bc4 $6 {The decision to avoid a draw by
repetition might have caused White problems.} (31. Rc4 $11) 31... Rb8 $6 {
This is the start of a series of mutual inaccuracies, which speaks about the
irrational character of the position. Of course, it is much easier for the
annotator, who can consult Rybka and its fellows.} (31... Bh6 $5 {looks very
strong. If the bishops get exchanged, the stability of the e7-knight increases,
while the queen would also have less worries about being trapped. The advance
of the queenside pawns would become a very dangerous plan.} 32. Bd4 {does not
lead to anything speacial after} Nc6 33. e7+ Kg7 $8 {to be followed by ...Re8.}
) 32. Rd7 Bf8 33. Rcc7 b5 34. Bd3 Qa3 {White has activated his position a lot,
but still needs regrouping in order to start the decisive attack.} 35. Nd2 $6 {
Playing everything on one card. Maybe he underestimated the fact that the
queen can defend the queenside from the a2-g8 and a1-h8 diagonals.} (35. Rc2 $5
Rc8 (35... b4 $2 36. Bc1 $1 $18) (35... Qb4 36. Nd4 $16) 36. Rxc8 Nxc8 37. Rd8
Qxa2+ 38. Kf1 $40 {[%cal Ge3h6,Gd8c8] Black will lose one of his pieces and
his pawns are not that advanced yet to generate entirely adequate compensation.
}) 35... Qxa2 36. Rxe7 Bxe7 37. Rxe7 a3 $6 ({It would have been useful to
prevent Bd4 with} 37... Qb2 {, for instance} 38. Rd7 Qe5 39. e7 Re8 {White's
attack is not easy to continue, while the a-pawn threatens to run.}) 38. Bd4
$36 Kf8 $3 {The only saving move in an optically dangerous position.} (38...
Rf8 39. Ke3 Qd5 40. Ne4 a2 41. Bxf6 $40) 39. Bc5 (39. Bxf6 Rb6 $1 $11 {White
has nothing better than giving perpetual check along the seventh rank, because
his e6-pawn is hanging.}) 39... Kg8 40. Bd4 Kf8 41. Bc5 Kg8 42. Ke3 $2 {
Another time when avoiding the repetition could have caused problems.} (42. Bd4
$11) 42... f5 $2 ({The already familiar} 42... Qa1 $1 {would have repelled the
attack:} 43. Bd4 Qe1+ 44. Be2 a2 45. Bxf6 (45. Ra7 Re8) 45... a1=Q 46. Rg7+ Kh8
47. Rxg6+ Qxf6 $19) 43. Bd4 Kf8 44. Bc5 $2 (44. Bf6 $11) 44... Kg8 $2 (44...
Qd5 $1 $19) 45. Bd4 Kf8 46. Bf6 $1 $11 {Finally on the right track.} Rb6 47.
Rf7+ Ke8 48. Re7+ Kf8 49. Rf7+ Ke8 1/2-1/2

[Event "Lausanne YM 4th"]
[Site "Lausanne"]
[Date "2003.09.21"]
[Round "3.1"]
[White "Bacrot, Etienne"]
[Black "McShane, Luke J"]
[Result "1/2-1/2"]
[WhiteElo "2645"]
[BlackElo "2619"]
[Annotator "McShane,L"]
[PlyCount "53"]
[EventDate "2003.09.17"]
[EventType "k.o."]
[EventRounds "3"]
[EventCountry "SUI"]
[SourceTitle "CBM 098"]
[Source "ChessBase"]
[SourceDate "2004.02.03"]
[SourceVersion "1"]
[SourceVersionDate "2004.02.03"]
[SourceQuality "1"]

1. d4 Nf6 2. c4 g6 3. Nc3 d5 4. cxd5 Nxd5 5. e4 Nxc3 6. bxc3 c5 7. Nf3 Bg7 8.
Rb1 O-O 9. Be2 Nd7 $5 10. O-O Qc7 11. Bg5 Nf6 12. Bd3 b6 13. Qe2 h6 14. Bd2 e6
15. e5 Nd5 16. c4 Ne7 17. Be4 Bb7 18. Bxb7 Qxb7 19. dxc5 Rfc8 20. cxb6 axb6 $14
21. Bb4 Nf5 $1 {[%csl Gf5] The patient approach.} (21... Nc6 $143 22. a3 $14)
22. a3 Bf8 $1 {[%csl Gc5][%cal Yf8c5]} 23. Rfd1 Bc5 24. Rd3 Kg7 25. Nd2 $6 (25.
h3) 25... Bxb4 26. Rxb4 (26. axb4 Ra2 $44) 26... Qe7 $1 {[%csl Ra3,Rb4][%cal
Ya8a3,Ye7a3]} 27. Rxb6 (27. Rxb6 Rxa3 $44 28. Rb1 Rd8 $5) 1/2-1/2

[Event "BCF-ch 89th"]
[Site "Torquay"]
[Date "2002.08.03"]
[Round "6"]
[White "Summerscale, Aaron"]
[Black "McShane, Luke J"]
[Result "0-1"]
[WhiteElo "2509"]
[BlackElo "2544"]
[Annotator "McShane,L"]
[PlyCount "148"]
[EventDate "2002.07.29"]
[EventType "swiss"]
[EventRounds "11"]
[EventCountry "ENG"]
[SourceTitle "CBM 091"]
[Source "ChessBase"]
[SourceDate "2002.11.12"]
[SourceVersion "1"]
[SourceVersionDate "2002.11.12"]
[SourceQuality "1"]

1. Nf3 d5 2. c4 c6 3. e3 Nf6 4. Nc3 g6 5. d4 Bg7 6. Be2 O-O 7. O-O Bg4 $6 8.
cxd5 $1 Nxd5 9. e4 Nxc3 (9... Nb6 $5) 10. bxc3 Nd7 11. Rb1 $6 Qc7 12. h3 (12.
e5 $5) 12... Bxf3 13. Bxf3 e5 {Two bishops and the centre ought to be +=, but
I actually think I'm fine.} 14. Be3 Rfd8 $1 {[%csl Rd4][%cal Yd7f8,Yf8e6]} 15.
Qb3 b6 16. Rfd1 Nf8 17. Rd2 (17. a4 $142 Ne6 (17... Rd6 18. a5) 18. Qc4 $5 $14)
17... Rd6 18. Rbd1 Rad8 {[%csl Rd4][%cal Yf8e6]} 19. Bg5 Bf6 $1 (19... Re8 20.
Be3 {and its hard to see how to continue, e.g.} Ne6 21. Bg4 $1 $132) 20. Bxf6 (
20. Be3 Ne6 {[%csl Rd4]} 21. Bg4 exd4 22. cxd4 Nxd4 23. Qc4 {[%csl Rd4][%cal
Ye3f4]} Nb5 $17) 20... Rxf6 21. dxe5 (21. Qb2 Ne6 $5 $15 {[%cal Ye6g5]}) 21...
Rxd2 22. exf6 (22. Rxd2 Qxe5 $15 23. Rd8 Kg7 24. Ra8 Ne6 25. Rxa7 Ng5 $36)
22... Rxd1+ 23. Qxd1 Nd7 24. Qa4 (24. Qd2 $5 Nxf6 25. Qg5 Kg7 26. e5 Ng8 $15 {
[%cal Yf7f6]}) (24. Qd4 c5 25. Qd5 Nxf6 26. Qg5 Kg7 27. e5 Ng8 $15 {[%cal
Yf7f6]}) 24... Nxf6 25. Qd4 (25. e5 Qxe5 26. Qxc6) 25... Nd7 26. Bg4 Nc5 (26...
Ne5 27. Be2 {[%csl Re5][%cal Yf2f4]} (27. f4 $4 Nxg4 28. hxg4 Qxf4 $17)) 27.
Be2 Qf4 28. Qd8+ Kg7 29. Qd4+ f6 (29... Kh6 30. Bf3) 30. Bf3 Qc7 31. Be2 Ne6
32. Qd2 Qe7 33. Bc4 Nc5 34. f3 Qe5 $15 35. Qd4 a5 36. Kf2 b5 $1 37. Be2 b4 $1 {
[%csl Rd4]} 38. Qxe5 fxe5 39. cxb4 axb4 40. Bc4 (40. h4 Na4 {[%cal Ya4b6,Yc6c5,
Yc5c4]} (40... b3 $5)) 40... Kf6 $6 (40... g5 $1 {[%csl Rh3]}) 41. Ke3 $6 (41.
h4 $142 $1) 41... g5 {[%csl Rh3]} 42. g3 Nd7 43. Kd3 Ke7 44. Bg8 Nf6 45. Bb3 c5
46. Ke3 Nh5 47. Kf2 Ng7 48. Bg8 h6 49. Ke3 Nh5 50. Kf2 Ng7 51. Ke3 Nh5 52. Kf2
Nf6 53. Bb3 Kd6 54. Bf7 Ke7 55. Bb3 Nd7 56. Ke3 Nb6 57. Kd3 Kd7 58. Bg8 Kc6 59.
Bf7 Kd6 60. Bb3 Kd7 61. Bg8 Kc6 62. Bf7 Kb5 63. Be8+ Ka5 64. Bf7 Ka4 65. Bc4
Ka3 66. Bb3 Kb2 67. Bg8 Kb1 68. Bf7 Na4 69. f4 exf4 70. gxf4 gxf4 71. e5 Nb6
72. Ke4 c4 73. e6 c3 74. e7 Nc8 0-1